| 000 | 00400nam a22001577a 4500 | ||
|---|---|---|---|
| 003 | NUST | ||
| 020 | _a9787508542768 | ||
| 038 | _aMuhammad Ibrahim | ||
| 082 |
_a808.02 _bJIA 2019 |
||
| 100 |
_aJianmeng, Wang _988764 |
||
| 245 |
_aSun Jiadong : life of an aerospace scientist _cWang Jianmeng |
||
| 260 |
_aChina _bIntercontinental press _c2019 |
||
| 300 | _a212p | ||
| 563 | _aPB | ||
| 942 |
_2ddc _cBK |
||
| 999 |
_c587766 _d587766 |
||